A learner's guide to the division of inheritance: (Record no. 81070)
[ view plain ]
| 000 -LEADER | |
|---|---|
| fixed length control field | 00846cam a22002531 4500 |
| 001 - CONTROL NUMBER | |
| control field | sa 68006019 |
| 003 - CONTROL NUMBER IDENTIFIER | |
| control field | DLC |
| 005 - DATE AND TIME OF LATEST TRANSACTION | |
| control field | 20260227112513.0 |
| 008 - FIXED-LENGTH DATA ELEMENTS--GENERAL INFORMATION | |
| fixed length control field | 681211s1966 pk a b 000 0 eng |
| 010 ## - LIBRARY OF CONGRESS CONTROL NUMBER | |
| LC control number | sa 68006019 |
| 025 ## - OVERSEAS ACQUISITION NUMBER | |
| Overseas acquisition number | PL480:P-E-1381 |
| 040 ## - CATALOGING SOURCE | |
| Original cataloging agency | DLC |
| Transcribing agency | DLC |
| Modifying agency | DLC |
| 050 00 - LIBRARY OF CONGRESS CALL NUMBER | |
| Classification number | KB632 |
| Item number | .B34 1966 |
| 100 1# - MAIN ENTRY--PERSONAL NAME | |
| Personal name | Bagvi, Malik Bashir Ahmad. |
| 245 12 - TITLE STATEMENT | |
| Title | A learner's guide to the division of inheritance: |
| Remainder of title | Hanafi. |
| 250 ## - EDITION STATEMENT | |
| Edition statement | [1st ed.] |
| 260 ## - PUBLICATION, DISTRIBUTION, ETC. | |
| Place of publication, distribution, etc. | Rawalpindi, |
| Name of publisher, distributor, etc. | Pakistan Research Centre |
| Date of publication, distribution, etc. | [1966] |
| 300 ## - PHYSICAL DESCRIPTION | |
| Extent | 204 p. |
| Other physical details | illus. (in pocket) |
| Dimensions | 22 cm. |
| 350 ## - PRICE (NR) (BK AM CF MU VM SE) [OBSOLETE] | |
| Price | Rs. 7.25 |
| 500 ## - GENERAL NOTE | |
| General note | Cover title: A learner's guide to the division of inheritance (Hanafi, Shia, Jafaria, Hindu) |
| 504 ## - BIBLIOGRAPHY, ETC. NOTE | |
| Bibliography, etc. note | Bibliography: p. 105-106. |
| 650 #0 - SUBJECT ADDED ENTRY--TOPICAL TERM | |
| Topical term or geographic name entry element | Inheritance and succession (Islamic law) |
| 650 #0 - SUBJECT ADDED ENTRY--TOPICAL TERM | |
| Topical term or geographic name entry element | Inheritance and succession (Hindu law) |
No items available.